[Event "41st Bosna Open 2011"]
[Site "Sarajevo BIH"]
[Date "2011.05.08"]
[Round "5"]
[White "Naiditsch, Arkadij"]
[Black "Predojevic, Borki"]
[Result "1-0"]
[WhiteElo "2716"]
[BlackElo "2617"]
[PlyCount "125"]
[EventDate "2011.??.??"]

1. c4 c5 2. Nc3 Nc6 3. Nf3 g6 4. d4 cxd4 5. Nxd4 Bg7 6. Nc2 d6 7. e4 Nf6 8. Be2
O-O 9. O-O Nd7 10. Bd2 Nc5 11. b4 Nd7 12. Rc1 b6 13. a3 Bb7 14. Kh1 Rc8 15. f3
a6 16. Qe1 e6 17. Qg3 Nce5 18. Ne3 Nf6 19. Qh3 g5 20. Rfd1 h6 21. Be1 Qc7 22.
Bg3 h5 23. f4 gxf4 24. Bxf4 Nxe4 25. Nxe4 Bxe4 26. Qxh5 f5 27. c5 bxc5 28. Nc4
Bd5 29. bxc5 Bxc4 30. Bxc4 Nxc4 31. Rxc4 e5 32. Bg5 Qf7 33. Qxf7+ Rxf7 34. Rxd6
Bf8 35. Rd5 e4 36. c6 Rfc7 37. Rd8 Kf7 38. a4 Ke6 39. Rc2 Bd6 40. g3 Rxd8 41.
Bxd8 Rc8 42. Ba5 f4 43. gxf4 Bxf4 44. Kg2 Kd5 45. c7 Kd4 46. h4 Kd3 47. Rc5 Ke2
48. h5 e3 49. Rc6 Rg8+ 50. Rg6 Rc8 51. Rg7 Rh8 52. Bb6 Be5 53. Rg5 Bf4 54. Rc5
Rc8 55. Ba5 Bd6 56. Rc2+ Kd3 57. Rc3+ Ke2 58. h6 Rg8+ 59. Kh3 Kf2 60. h7 Rc8
61. Rc6 Be5 62. Rc5 Bd6 63. Rf5+ 1-0

[Event "41st Bosna Open 2011"]
[Site "Sarajevo"]
[Date "2011.05.09"]
[Round "6"]
[White "Jobava, Baadur"]
[Black "Saric, Ivan"]
[Result "1-0"]
[WhiteElo "2704"]
[BlackElo "2637"]
[PlyCount "107"]
[EventDate "2011.05.03"]

1. c4 c5 2. Nc3 Nc6 3. g3 g6 4. Bg2 Bg7 5. e4 e6 6. d3 Nge7 7. Nge2 b6 8. Be3
O-O 9. d4 d6 10. O-O Bb7 11. d5 Ne5 12. b3 exd5 13. exd5 a6 14. a4 Bc8 15. h3
h5 16. Ra2 Ra7 17. Ne4 Bf5 18. N2c3 Bxe4 19. Nxe4 Nf5 20. Bg5 f6 21. Bc1 Nd4
22. Be3 Nf5 23. Bc1 Nd4 24. f4 Nf7 25. f5 Nxf5 26. Raf2 Ng5 27. Qd3 Re8 28. g4
hxg4 29. hxg4 Nxe4 30. Bxe4 Ng3 31. Bxg6 Nxf1 32. Kxf1 Re5 33. Qh3 Kf8 34. g5
f5 35. Bf4 Qe7 36. Bxe5 Bxe5 37. Qh6+ Qg7 38. Rxf5+ Kg8 39. Bh7+ Kh8 40. Rf8+
Qxf8+ 41. Qxf8+ Kxh7 42. Qb8 Rf7+ 43. Ke2 Kg6 44. Qxb6 Kxg5 45. Qxa6 Kf4 46.
Qc8 Ra7 47. Qf8+ Kg4 48. Qd8 Kf4 49. a5 Ke4 50. Qc8 Rxa5 51. Qg4+ Bf4 52. Qg6+
Ke5 53. Kd3 Bc1 54. Qe6+ 1-0

[Event "41st Bosna Open 2011"]
[Site "?"]
[Date "2011.05.10"]
[Round "7"]
[White "Melkumyan, Hrant"]
[Black "Jobava, Baadur"]
[Result "1/2-1/2"]
[WhiteElo "2580"]
[BlackElo "2704"]
[PlyCount "80"]
[EventDate "2011.05.07"]
[SourceDate "2011.05.11"]

1. d4 Nf6 2. c4 d6 3. Nf3 g6 4. Nc3 Bf5 5. h3 Bg7 6. g4 Bd7 7. e4 O-O 8. Be3 c5
9. d5 e6 10. Nd2 exd5 11. cxd5 Na6 12. Be2 Nc7 13. a4 Rb8 14. Qc2 Qe7 15. Ra3
b5 16. axb5 Nxb5 17. Nxb5 Bxb5 18. Bxb5 Rxb5 19. O-O h5 20. f3 hxg4 21. hxg4
Nd7 22. b3 Ne5 23. Ra4 Qd7 24. Kg2 Rb7 25. Bf2 f5 26. exf5 gxf5 27. Bg3 Qf7 28.
Qxf5 Qxd5 29. Qg5 Rbf7 30. Bxe5 Qxe5 31. Qxe5 Bxe5 32. Ne4 Rb7 33. f4 Bxf4 34.
Nxc5 dxc5 35. Rfxf4 Rxf4 36. Rxf4 Rxb3 37. Ra4 Rb7 38. Kf3 Kf7 39. Ra6 Rc7 40.
Ke3 Ke7 1/2-1/2

[Event "41st Bosna Open 2011"]
[Site "?"]
[Date "2011.05.10"]
[Round "7"]
[White "Naiditsch, Arkadij"]
[Black "Sebenik, Matej"]
[Result "1-0"]
[WhiteElo "2716"]
[BlackElo "2524"]
[PlyCount "57"]
[EventDate "2011.05.07"]
[SourceDate "2011.05.11"]

1. e4 e6 2. d4 d5 3. Nc3 Bb4 4. e5 Ne7 5. Bd2 b6 6. h4 Bxc3 7. Bxc3 Ba6 8. Bxa6
Nxa6 9. h5 h6 10. Qg4 O-O 11. Bd2 Kh8 12. Qe2 Qc8 13. Nf3 c5 14. g4 cxd4 15.
Nxd4 Qc4 16. Qxc4 dxc4 17. Nb5 Rfc8 18. Nd6 Rc5 19. O-O-O Rf8 20. g5 Kh7 21.
gxh6 gxh6 22. Ne4 Rcc8 23. Nf6+ Kh8 24. Bxh6 Rfd8 25. Bg5 Rxd1+ 26. Rxd1 Nc5
27. Be3 Nc6 28. f4 Na5 29. h6 1-0

[Event "41st Bosna Open 2011"]
[Site "?"]
[Date "2011.05.11"]
[Round "8"]
[White "Jobava, Baadur"]
[Black "Szabo, Krisztian"]
[Result "1/2-1/2"]
[WhiteElo "2704"]
[BlackElo "2512"]
[PlyCount "92"]
[EventDate "2011.05.07"]
[SourceDate "2011.05.12"]

1. c4 e6 2. g3 d5 3. Bg2 dxc4 4. Na3 Nf6 5. Nxc4 Be7 6. b3 O-O 7. Bb2 c5 8. Nf3
b5 9. Nce5 Bb7 10. O-O Nbd7 11. Qc2 Nxe5 12. Bxe5 Nd5 13. Rfc1 Rc8 14. h4 h6
15. a3 Bf6 16. Qb2 Bxe5 17. Nxe5 Qe7 18. b4 Rfd8 19. bxc5 Rxc5 20. Rxc5 Qxc5
21. Rb1 a6 22. a4 Qd6 23. d4 Ba8 24. axb5 axb5 25. Ra1 Qb6 26. Nd7 Qc7 27. Nc5
Bc6 28. e3 Be8 29. Qb3 Nb6 30. Qb4 Nc4 31. Na6 Qd7 32. Qc3 Qd6 33. Nc5 Qc7 34.
Bf1 e5 35. Bxc4 bxc4 36. Qxc4 exd4 37. exd4 Bc6 38. Nd3 Qd6 39. Ne5 Bd5 40. Qd3
Bb7 41. Qc4 Qxd4 42. Qxd4 Rxd4 43. Rb1 Bd5 44. h5 f6 45. Ng6 Bf3 46. Nf4 Ra4
1/2-1/2

[Event "41st Bosna Open 2011"]
[Site "?"]
[Date "2011.05.11"]
[Round "8"]
[White "Melkumyan, Hrant"]
[Black "Naiditsch, Arkadij"]
[Result "1-0"]
[WhiteElo "2580"]
[BlackElo "2716"]
[PlyCount "65"]
[EventDate "2011.05.07"]
[SourceDate "2011.05.12"]

1. d4 Nf6 2. c4 e6 3. g3 c5 4. d5 exd5 5. cxd5 d6 6. Nc3 g6 7. Bg2 Bg7 8. Nf3
O-O 9. O-O Nbd7 10. Bf4 Qe7 11. Re1 a6 12. a4 Rb8 13. a5 b5 14. axb6 Rxb6 15.
Nd2 Ne8 16. Nc4 Rb4 17. Ra4 Ne5 18. Rxb4 cxb4 19. Bxe5 dxe5 20. Ne4 h6 21. Qb3
f5 22. d6 Qf7 23. Nc5 Kh7 24. Rd1 Nf6 25. Qxb4 Rd8 26. Nxe5 Qf8 27. Qb6 Nd7 28.
Nexd7 Bxd7 29. Qxa6 Qf6 30. b4 h5 31. Qb7 Be6 32. Bd5 Bc8 33. Qc7 1-0

[Event "41st Bosna Open 2011"]
[Site "Sarajevo"]
[Date "2011.05.12"]
[Round "9"]
[White "Naiditsch, Arkadij"]
[Black "Djukic, Nikola"]
[Result "1-0"]
[WhiteElo "2716"]
[BlackElo "2486"]
[PlyCount "89"]
[EventDate "2011.05.03"]

1. e4 c5 2. Nf3 Nc6 3. d4 cxd4 4. Nxd4 Qc7 5. Nc3 e6 6. Be3 a6 7. Qd2 Nf6 8.
O-O-O Bb4 9. f3 Ne5 10. Nb3 b5 11. Kb1 Be7 12. Qf2 d6 13. g4 Nfd7 14. h4 Bb7
15. a3 Nc4 16. Bxc4 bxc4 17. Nd4 Rb8 18. Ka2 O-O 19. g5 d5 20. exd5 Bxd5 21.
Nf5 Rxb2+ 22. Kxb2 Rb8+ 23. Kc1 Bxa3+ 24. Kd2 Bb4 25. Ke2 Bxc3 26. Ne7+ Kh8 27.
Nxd5 exd5 28. Rxd5 Re8 29. Rhd1 Nb6 30. Rd6 Bb4 31. R6d4 Na4 32. Kf1 Nc3 33.
Re1 Nb5 34. Bd2 Be7 35. Bf4 Qb7 36. Rxc4 Rf8 37. Rce4 Ba3 38. Kg2 Qc6 39. Qd2
Qc5 40. Re8 Qc6 41. Rxf8+ Bxf8 42. Qd3 Kg8 43. c4 Nd6 44. Bxd6 Bxd6 45. Qd5 1-0

[Event "41st Bosna Open 2011"]
[Site "Sarajevo"]
[Date "2011.05.12"]
[Round "9"]
[White "Yilmaz, Mustafa"]
[Black "Jobava, Baadur"]
[Result "0-1"]
[WhiteElo "2489"]
[BlackElo "2704"]
[PlyCount "76"]
[EventDate "2011.05.03"]

1. e4 c5 2. Nf3 Nc6 3. d4 cxd4 4. Nxd4 g6 5. Nc3 Bg7 6. Be3 Nf6 7. Bc4 Qa5 8.
O-O O-O 9. Nb3 Qc7 10. Bg5 e6 11. Be2 a6 12. f4 d6 13. Bf3 b5 14. a3 Nd7 15.
Qe1 Nb6 16. Nd1 Nc4 17. c3 Bb7 18. Rc1 Rae8 19. Rc2 f6 20. Bh4 Bh6 21. Be2 f5
22. exf5 exf5 23. Qf2 Ne7 24. Nd2 d5 25. Bg5 Bxg5 26. fxg5 f4 27. Nxc4 dxc4 28.
Bf3 Bxf3 29. Qxf3 Qc5+ 30. Rcf2 Qxg5 31. Qb7 Qc5 32. Qxa6 Nf5 33. Kh1 Nd6 34.
Rd2 Ne4 35. Rd4 Ng3+ 36. hxg3 fxg3 37. Rxf8+ Qxf8 38. Ne3 Qh6+ 0-1

[Event "46th Capablanca Memorial"]
[Site "?"]
[Date "2011.05.15"]
[Round "5"]
[White "Le Quang Liem"]
[Black "Ivanchuk, Vassily"]
[Result "1/2-1/2"]
[WhiteElo "2687"]
[BlackElo "2776"]
[PlyCount "64"]
[EventDate "2011.??.??"]
[SourceDate "2011.05.16"]

1. Nf3 Nf6 2. c4 c5 3. Nc3 d5 4. cxd5 Nxd5 5. e3 e6 6. d4 Nc6 7. Bd3 Be7 8. O-O
O-O 9. a3 b6 10. Qc2 Nxc3 11. bxc3 g6 12. Rd1 cxd4 13. cxd4 Bb7 14. Bb2 Rc8 15.
Qe2 Na5 16. e4 Bf6 17. Rac1 Qe7 18. h4 Bxh4 19. Rxc8 Rxc8 20. d5 Bf6 21. d6 Qd8
22. d7 Rc5 23. Bxf6 Qxf6 24. Ba6 Qd8 25. Bxb7 Nxb7 26. Qd2 Rc7 27. Ne5 f6 28.
Ng4 h5 29. Qh6 hxg4 30. Qxg6+ Kf8 31. Qh6+ Kg8 32. Qg6+ Kf8 1/2-1/2

[Event "46th Capablanca Memorial"]
[Site "Havana CUB"]
[Date "2011.05.17"]
[Round "6"]
[White "Le Quang Liem"]
[Black "Dominguez Perez, Leinier"]
[Result "1-0"]
[WhiteElo "2687"]
[BlackElo "2722"]
[PlyCount "89"]
[EventDate "2011.??.??"]

1. d4 Nf6 2. c4 g6 3. Nc3 Bg7 4. e4 d6 5. Be2 O-O 6. Nf3 e5 7. O-O Nc6 8. d5
Ne7 9. Ne1 Nd7 10. f3 f5 11. g4 Kh8 12. Nd3 f4 13. Kh1 g5 14. Bd2 Rf7 15. b4
Nf6 16. Rg1 Ng6 17. c5 h5 18. gxh5 Nxh5 19. Be1 Bf8 20. Rc1 Rh7 21. Bf1 Bd7 22.
a4 g4 23. fxg4 Ng3+ 24. Bxg3 fxg3 25. Rxg3 Bh6 26. Rc2 Nf4 27. Rf2 Qh4 28. Ne1
Bf8 29. Qf3 dxc5 30. Ne2 cxb4 31. Nxf4 exf4 32. Qxf4 Bd6 33. e5 Rf8 34. Qe3
Rxf2 35. Qxf2 Bc5 36. Qg2 Qg5 37. Nf3 Qc1 38. Nd2 Bxa4 39. g5 Bb5 40. g6 Bxf1
41. Nxf1 Rh4 42. g7+ Kg8 43. d6 c6 44. Rf3 Rf4 45. Qh3 1-0

[Event "46th Capablanca Memorial"]
[Site "Havana CUB"]
[Date "2011.05.20"]
[Round "9"]
[White "Andreikin, Dmitry"]
[Black "Dominguez Perez, Leinier"]
[Result "1/2-1/2"]
[WhiteElo "2687"]
[BlackElo "2726"]
[PlyCount "31"]
[EventDate "2011.??.??"]

1. d4 d5 2. Nf3 Nf6 3. c4 c6 4. Nc3 dxc4 5. a4 e6 6. e3 c5 7. Bxc4 Nc6 8. O-O
Be7 9. Qe2 cxd4 10. Rd1 O-O 11. exd4 Nd5 12. Qe4 Nf6 13. Qe2 Nd5 14. Qe4 Nf6
15. Qe2 Nd5 16. Qe4 1/2-1/2

[Event "46th Capablanca Memorial"]
[Site "?"]
[Date "2011.05.21"]
[Round "10"]
[White "Dominguez, Lenier"]
[Black "Bruzon, Lazaro"]
[Result "1/2-1/2"]
[WhiteElo "2726"]
[BlackElo "2693"]
[PlyCount "27"]
[EventDate "2011.??.??"]
[SourceDate "2011.05.22"]

1. d4 Nf6 2. c4 e6 3. g3 d5 4. Nf3 Bb4+ 5. Bd2 Bxd2+ 6. Qxd2 c6 7. Bg2 Nbd7 8.
O-O b6 9. Rc1 O-O 10. Ne5 Bb7 11. cxd5 cxd5 12. Nc3 a6 13. Nxd7 Qxd7 14. e3
1/2-1/2

[Event "2nd Danzhou GM (China)"]
[Site "Danzhou CHN"]
[Date "2011.05.16"]
[Round "2"]
[White "Wang Yue"]
[Black "Zhou Jianchao"]
[Result "1-0"]
[WhiteElo "2714"]
[BlackElo "2636"]
[PlyCount "57"]
[EventDate "2011.05.15"]

1. Nf3 c5 2. e4 d6 3. d4 cxd4 4. Nxd4 Nf6 5. Nc3 a6 6. Bg5 Nbd7 7. Bc4 Qb6 8.
Qd2 Qxb2 9. Rb1 Qa3 10. O-O e6 11. Bxe6 fxe6 12. Nxe6 Qa5 13. f4 Kf7 14. e5
Kxe6 15. Kh1 Kf7 16. Rbe1 h6 17. Bh4 Nb6 18. exf6 g6 19. Qe3 Bd7 20. f5 g5 21.
Bf2 g4 22. Qg3 Rc8 23. Bxb6 Qxc3 24. Qxg4 Qxf6 25. Bd4 Qg5 26. Qe4 Be7 27. Bxh8
Rxh8 28. Qd5+ Kg7 29. Rxe7+ 1-0

[Event "2nd Danzhou GM (China)"]
[Site "Danzhou CHN"]
[Date "2011.05.18"]
[Round "4"]
[White "Wang Yue"]
[Black "Hou Yifan"]
[Result "1-0"]
[WhiteElo "2714"]
[BlackElo "2612"]
[PlyCount "99"]
[EventDate "2011.??.??"]

1. Nf3 Nf6 2. c4 e6 3. g3 d5 4. Bg2 Be7 5. O-O O-O 6. b3 c5 7. Bb2 Nc6 8. e3 b6
9. Nc3 dxc4 10. bxc4 Bb7 11. Qe2 Qc7 12. Nb5 Qc8 13. Rfd1 a6 14. Nc3 Na5 15.
Rab1 Rb8 16. Ba1 Bc6 17. e4 Qc7 18. Re1 Nd7 19. e5 h6 20. h4 Rbd8 21. d3 Bxf3
22. Qxf3 Rc8 23. Qd1 Nc6 24. f4 Nd4 25. Ne4 Rcd8 26. Bxd4 cxd4 27. Re2 Nc5 28.
Nxc5 Bxc5 29. Be4 Rb8 30. Qa4 a5 31. h5 Be7 32. Kg2 Qc5 33. Rf2 Qc7 34. Qd1 Kh8
35. Qg4 Rbd8 36. f5 Qxe5 37. fxe6 Qxe6 38. Qxe6 fxe6 39. Rxf8+ Bxf8 40. Rxb6
Kg8 41. Rxe6 Bd6 42. Bg6 a4 43. Kf3 Kf8 44. g4 a3 45. Ke4 Be7 46. Ra6 Bb4 47.
Ra7 Be7 48. Rc7 Bf6 49. Rf7+ Kg8 50. Ra7 1-0

[Event "2nd Danzhou GM (China)"]
[Site "Danzhou CHN"]
[Date "2011.05.19"]
[Round "5"]
[White "Li Chao"]
[Black "Wang Yue"]
[Result "1/2-1/2"]
[WhiteElo "2656"]
[BlackElo "2714"]
[PlyCount "59"]
[EventDate "2011.??.??"]

1. e4 e5 2. Nf3 Nf6 3. Nxe5 d6 4. Nf3 Nxe4 5. d4 d5 6. Bd3 Nc6 7. O-O Be7 8. c4
Nb4 9. Be2 O-O 10. Nc3 Bf5 11. a3 Nxc3 12. bxc3 Nc6 13. Re1 Re8 14. Bf4 dxc4
15. Bxc4 Bd6 16. Rxe8+ Qxe8 17. Ng5 Bg6 18. Bxd6 cxd6 19. h4 Qe7 20. Qg4 h6 21.
h5 Bxh5 22. Qxh5 hxg5 23. Rd1 Rf8 24. Rd3 Qe1+ 25. Kh2 Qxf2 26. Rh3 Qf4+ 27.
Kh1 Qc1+ 28. Kh2 Qf4+ 29. Kh1 Qc1+ 30. Kh2 1/2-1/2

[Event "2nd Danzhou GM (China)"]
[Site "Danzhou CHN"]
[Date "2011.05.20"]
[Round "6"]
[White "Wang Yue"]
[Black "Bu Xiangzhi"]
[Result "1-0"]
[WhiteElo "2714"]
[BlackElo "2662"]
[PlyCount "89"]
[EventDate "2011.??.??"]

1. e4 c5 2. Nf3 Nc6 3. Bb5 g6 4. Bxc6 bxc6 5. O-O Bg7 6. Re1 Nf6 7. e5 Nd5 8.
d4 cxd4 9. Qxd4 d6 10. c4 Nc7 11. Bh6 Ne6 12. Qe3 Bxe5 13. Nxe5 dxe5 14. Qxe5
Qd4 15. Qe2 Ba6 16. Nd2 Rd8 17. b3 c5 18. Nf3 Qg4 19. Qe5 Rg8 20. Ng5 Bb7 21.
f3 Qd4+ 22. Kf1 Bc8 23. Nxe6 Bxe6 24. Rad1 Qxd1 25. Rxd1 Rxd1+ 26. Kf2 Rd6 27.
Qxc5 f6 28. Be3 Rd7 29. Qa5 Kf7 30. c5 Rc8 31. b4 Bc4 32. b5 Rd3 33. c6 Rd5 34.
Qa6 Rc7 35. a4 Re5 36. Bxa7 Re2+ 37. Kg3 Rc2 38. Bb8 Bf1 39. Bxc7 Rxg2+ 40. Kf4
Re2 41. Kg4 Kg7 42. b6 f5+ 43. Kf4 g5+ 44. Kxg5 Rg2+ 45. Kf4 1-0

[Event "2nd Danzhou GM (China)"]
[Site "Danzhou CHN"]
[Date "2011.05.22"]
[Round "7"]
[White "Zhou Weiqi"]
[Black "Wang Yue"]
[Result "1/2-1/2"]
[WhiteElo "2610"]
[BlackElo "2714"]
[PlyCount "147"]
[EventDate "2011.??.??"]

1. d4 Nf6 2. c4 e6 3. g3 Bb4+ 4. Bd2 c5 5. Bxb4 cxb4 6. Bg2 O-O 7. Nf3 d6 8.
O-O Nc6 9. a3 bxa3 10. Nxa3 e5 11. Nb5 Bg4 12. d5 Nb4 13. Rxa7 Rxa7 14. Nxa7
Bd7 15. Qb3 Qa5 16. Nb5 Bxb5 17. cxb5 Qxb5 18. Rc1 Qa5 19. Nh4 g6 20. Qe3 Qd8
21. Qb3 Qb6 22. h3 Nd7 23. Nf3 Na6 24. Qa3 Qb4 25. Qxb4 Nxb4 26. Nd2 Nf6 27.
Rc7 Rb8 28. g4 h6 29. e3 Kf8 30. Kf1 b5 31. Ke2 Rb6 32. Rc8+ Kg7 33. Rd8 Na6
34. h4 g5 35. hxg5 hxg5 36. Ne4 Nxe4 37. Bxe4 Nc5 38. Bf5 Na4 39. Kd2 Nxb2 40.
Kc3 Na4+ 41. Kb4 Kf6 42. Ka5 e4 43. Bxe4 Rb7 44. Bd3 Nc5 45. Bxb5 Ke5 46. Rg8
f6 47. Bc6 Re7 48. Rf8 Ne4 49. f3 Nd2 50. f4+ gxf4 51. exf4+ Kxf4 52. Rxf6+ Ke5
53. Rh6 Kd4 54. Kb5 Ne4 55. g5 Rg7 56. g6 Nf6 57. Kb4 Ke5 58. Kc4 Kf4 59. Kd4
Ng4 60. Rh1 Rxg6 61. Rf1+ Kg5 62. Bd7 Ne5 63. Be6 Rh6 64. Rf8 Rh4+ 65. Kc3 Rc4+
66. Kb3 Rc7 67. Kb4 Rb7+ 68. Ka5 Nc4+ 69. Ka6 Rb6+ 70. Ka7 Rb2 71. Ka6 Rb6+ 72.
Ka7 Rb2 73. Ka6 Rb6+ 74. Ka7 1/2-1/2

[Event "2nd Danzhou GM (China)"]
[Site "Danzhou CHN"]
[Date "2011.05.23"]
[Round "8"]
[White "Wang Yue"]
[Black "Yu Yangyi"]
[Result "0-1"]
[WhiteElo "2714"]
[BlackElo "2646"]
[PlyCount "90"]
[EventDate "2011.??.??"]

1. d4 Nf6 2. c4 e6 3. Nc3 Bb4 4. Nf3 c5 5. g3 Nc6 6. Bg2 Ne4 7. Bd2 Nxd2 8.
Qxd2 cxd4 9. Nxd4 Qb6 10. Nb3 a5 11. c5 Bxc5 12. Nxc5 Qxc5 13. Ne4 Qb4 14. Nd6+
Ke7 15. O-O-O Qxd2+ 16. Rxd2 Rb8 17. Rhd1 Ne5 18. h3 b5 19. b3 f6 20. Be4 Nf7
21. Nxf7 Kxf7 22. Rc2 f5 23. Bf3 d5 24. Rc7+ Kf6 25. Ra7 a4 26. Kb2 axb3 27.
axb3 Rd8 28. Rc1 Bd7 29. Rcc7 Ke7 30. e3 Kd6 31. Be2 b4 32. f4 Rb6 33. h4 g6
34. Bd3 h6 35. Bc2 Rc6 36. Rcb7 Rc3 37. Rxb4 Rxe3 38. Rb6+ Kc5 39. Rbb7 Bc6 40.
Rc7 Kb6 41. b4 d4 42. Bb3 d3 43. Ba4 Re2+ 44. Kc3 Ra2 45. b5 Rxa4 0-1

[Event "2nd Danzhou GM (China)"]
[Site "Danzhou CHN"]
[Date "2011.05.24"]
[Round "9"]
[White "Ni Hua"]
[Black "Wang Yue"]
[Result "1/2-1/2"]
[WhiteElo "2661"]
[BlackElo "2714"]
[PlyCount "63"]
[EventDate "2011.??.??"]

1. e4 e5 2. Nf3 Nf6 3. Nxe5 d6 4. Nf3 Nxe4 5. d4 d5 6. Bd3 Nc6 7. O-O Be7 8. c4
Nb4 9. Be2 O-O 10. Nc3 Bf5 11. a3 Nxc3 12. bxc3 Nc6 13. Re1 Re8 14. Bf4 dxc4
15. Bxc4 Bd6 16. Rxe8+ Qxe8 17. Bxd6 cxd6 18. Ng5 Bg6 19. h4 Qe7 20. Qg4 h6 21.
h5 Bxh5 22. Qxh5 hxg5 23. Rd1 Rf8 24. Rd3 Qe1+ 25. Kh2 Qxf2 26. Qxg5 Qf6 27.
Qxf6 gxf6 28. Rg3+ Kh8 29. Rh3+ Kg7 30. Rg3+ Kh8 31. Rh3+ Kg7 32. Rg3+ 1/2-1/2

[Event "Bahia Feliz International"]
[Site "?"]
[Date "2011.05.12"]
[Round "1"]
[White "Vega Gutierrez, Sabrina"]
[Black "Vallejo Pons, Francisco"]
[Result "0-1"]
[WhiteElo "2306"]
[BlackElo "2722"]
[PlyCount "70"]
[EventDate "2011.05.07"]
[SourceDate "2011.05.13"]

1. e4 c5 2. Nf3 Nc6 3. d4 cxd4 4. Nxd4 Nf6 5. Nc3 d6 6. Be2 g6 7. O-O Bg7 8.
Nb3 O-O 9. Re1 a6 10. Bf1 Bg4 11. f3 Be6 12. Nd5 Rc8 13. c3 Ne5 14. a4 b5 15.
axb5 axb5 16. Ra5 b4 17. cxb4 Nxd5 18. exd5 Bf5 19. Nd4 Rxc1 20. Qxc1 Qb6 21.
Qd2 Nd3 22. Bxd3 Qxd4+ 23. Kh1 Qxd3 24. Qxd3 Bxd3 25. Rea1 Bxb2 26. R1a4 Bc4
27. Ra8 Bxd5 28. Rxf8+ Kxf8 29. b5 e5 30. b6 Bd4 31. Ra5 Bc5 32. Rb5 Bb7 33.
Ra5 Ke8 34. Ra7 Bd5 35. Ra5 Kd8 0-1

[Event "Bahia Feliz International"]
[Site "?"]
[Date "2011.05.13"]
[Round "2"]
[White "Vallejo Pons, Francisco"]
[Black "Kindermann, Stefan"]
[Result "1/2-1/2"]
[WhiteElo "2722"]
[BlackElo "2515"]
[PlyCount "76"]
[EventDate "2011.05.07"]
[SourceDate "2011.05.13"]

1. e4 e6 2. d4 d5 3. Nc3 Nf6 4. Bg5 Bb4 5. e5 h6 6. Bc1 Ne4 7. Qg4 Kf8 8. Nge2
c5 9. a3 Bxc3+ 10. bxc3 cxd4 11. cxd4 Nc6 12. c3 Qa5 13. Be3 Ne7 14. Qh3 f6 15.
exf6 Nxf6 16. g4 Kg8 17. f3 Bd7 18. Bd2 Ng6 19. Qg3 Rf8 20. h4 h5 21. gxh5 Ne7
22. Bh3 Rxh5 23. Rg1 Ne8 24. Nf4 Rh6 25. Kf2 Rhf6 26. Rae1 Nf5 27. Bxf5 Rxf5
28. h5 Qc7 29. Re5 Rxe5 30. h6 Rf6 31. dxe5 Rxh6 32. Nxd5 exd5 33. Bxh6 Qb6+
34. Be3 Qb2+ 35. Ke1 Qb1+ 36. Kd2 Qb2+ 37. Ke1 Qb1+ 38. Kd2 Qb2+ 1/2-1/2

[Event "Bahia Feliz International"]
[Site "?"]
[Date "2011.05.14"]
[Round "3"]
[White "Mateo, Ramon"]
[Black "Vallejo Pons, Francisco"]
[Result "0-1"]
[WhiteElo "2422"]
[BlackElo "2722"]
[PlyCount "66"]
[EventDate "2011.??.??"]
[SourceDate "2011.05.15"]

1. e4 c5 2. Nf3 Nc6 3. d4 cxd4 4. Nxd4 e6 5. Nc3 Qc7 6. Nb3 a6 7. g3 b5 8. Bg2
Bb7 9. O-O Nf6 10. Re1 d6 11. f4 Be7 12. Be3 O-O 13. g4 Nd7 14. Nc1 Na5 15. Nd3
Nc4 16. Bc1 Bf6 17. e5 dxe5 18. Bxb7 Qxb7 19. g5 Bd8 20. b3 Ba5 21. Ne4 Bxe1
22. Qxe1 Nd6 23. Nxd6 Qb6+ 24. Qe3 Qxd6 25. fxe5 Qc7 26. Ba3 Rfc8 27. Rc1 a5
28. c3 a4 29. Bd6 Qb7 30. c4 axb3 31. axb3 bxc4 32. bxc4 Ra4 33. Qf4 Qb6+ 0-1

[Event "Bahia Feliz International"]
[Site "?"]
[Date "2011.05.16"]
[Round "5"]
[White "Hertneck, Gerald"]
[Black "Vallejo Pons, Francisco"]
[Result "1/2-1/2"]
[WhiteElo "2552"]
[BlackElo "2722"]
[PlyCount "95"]
[EventDate "2011.??.??"]
[SourceDate "2011.05.17"]

1. d4 Nf6 2. c4 e6 3. Nf3 b6 4. g3 Bb7 5. Bg2 c5 6. O-O cxd4 7. Bg5 Bxf3 8.
exf3 Nc6 9. f4 Bc5 10. Nd2 O-O 11. Ne4 Be7 12. Nxf6+ Bxf6 13. Bxf6 Qxf6 14. Qd2
Rad8 15. Rfd1 Qe7 16. b3 Qc5 17. Re1 a5 18. Rad1 Qa3 19. Be4 Rfe8 20. f5 Qb4
21. fxe6 Rxe6 22. Qxb4 axb4 23. Bd5 Rxe1+ 24. Rxe1 g5 25. f4 gxf4 26. Rf1 Ne5
27. Rxf4 d3 28. Kf2 Kg7 29. Ke3 Re8 30. Kd2 Re7 31. Be4 Re6 32. Rf5 Nxc4+ 33.
bxc4 Rxe4 34. Kxd3 Re1 35. Rb5 Ra1 36. Rxb4 Rxa2 37. Rxb6 Rxh2 38. Rd6 Rg2 39.
Rxd7 Rxg3+ 40. Kd4 Rg1 41. Ke3 h5 42. c5 Rc1 43. Rd5 Kg6 44. Kd2 Rc4 45. Kd3
Rc1 46. Kd2 Rc4 47. Kd3 Rc1 48. Kd2 1/2-1/2

[Event "Bahia Feliz International"]
[Site "?"]
[Date "2011.05.18"]
[Round "6"]
[White "Vallejo Pons, Francisco"]
[Black "Bromberger, Stefan"]
[Result "1/2-1/2"]
[WhiteElo "2722"]
[BlackElo "2505"]
[PlyCount "60"]
[EventDate "2011.??.??"]
[SourceDate "2011.05.19"]

1. e4 c5 2. Nf3 d6 3. d4 cxd4 4. Nxd4 Nf6 5. Nc3 a6 6. Bg5 e6 7. f4 b5 8. e5
dxe5 9. fxe5 Qc7 10. Qe2 Nfd7 11. O-O-O Bb7 12. Qg4 Qb6 13. Be2 Nxe5 14. Qh3
Nbd7 15. Rhe1 h6 16. Bf3 Bxf3 17. Nxf3 Bd6 18. Nxe5 Bxe5 19. Qf3 Rb8 20. Rxd7
Kxd7 21. Qxf7+ Kc8 22. Be7 Rb7 23. Rxe5 Qg1+ 24. Nd1 Rd7 25. Qf3 Qd4 26. Re1
Qd2+ 27. Kb1 Qxe1 28. Qa8+ Kc7 29. Qa7+ Kc8 30. Qa8+ Kc7 1/2-1/2

[Event "Bahia Feliz International"]
[Site "?"]
[Date "2011.05.19"]
[Round "7"]
[White "Ragger, Markus"]
[Black "Vallejo Pons, Francisco"]
[Result "1/2-1/2"]
[WhiteElo "2674"]
[BlackElo "2722"]
[PlyCount "60"]
[EventDate "2011.??.??"]
[SourceDate "2011.05.20"]

1. Nf3 c5 2. c4 Nc6 3. Nc3 g6 4. e3 Nf6 5. d4 cxd4 6. exd4 d5 7. cxd5 Nxd5 8.
Qb3 e6 9. Nxd5 exd5 10. Bb5 Bg7 11. Qa3 Qe7+ 12. Qxe7+ Kxe7 13. Bxc6 bxc6 14.
Bf4 f6 15. Rc1 Kd7 16. Kd2 Ba6 17. Ne1 Rhe8 18. Nd3 Bf8 19. Rhe1 Bc4 20. b3
Bxd3 21. Kxd3 Rxe1 22. Rxe1 Re8 23. Rxe8 Kxe8 24. f3 Kd7 25. h3 a6 26. g4 Bb4
27. Be3 Be7 28. Bf4 Bb4 29. Be3 Be7 30. Bf4 Bb4 1/2-1/2

[Event "Bahia Feliz International"]
[Site "?"]
[Date "2011.05.20"]
[Round "8"]
[White "Mecking, Henrique"]
[Black "Vallejo Pons, Francisco"]
[Result "0-1"]
[WhiteElo "2577"]
[BlackElo "2722"]
[PlyCount "159"]
[EventDate "2011.??.??"]
[SourceDate "2011.05.21"]

1. d4 Nf6 2. c4 e6 3. Nc3 Bb4 4. e3 b6 5. Nge2 c5 6. a3 Ba5 7. Rb1 Na6 8. Ng3
O-O 9. Bd3 cxd4 10. exd4 Bxc3+ 11. bxc3 Nc7 12. O-O Ba6 13. Bg5 h6 14. Bxf6
Qxf6 15. c5 Bxd3 16. Qxd3 Nd5 17. Ne4 Qg6 18. c4 Ne7 19. cxb6 axb6 20. Rxb6 d5
21. cxd5 Nxd5 22. Rb3 Rfd8 23. Qf3 Ra4 24. Rd1 Ne7 25. Ng3 Raxd4 26. Rxd4 Rxd4
27. h3 Nd5 28. Qh5 Qf6 29. Qf3 Qe5 30. Rd3 Qe1+ 31. Kh2 Rf4 32. Rd1 Qxf2 33.
Qxf2 Rxf2 34. Ra1 Nf4 35. Kh1 Rxg2 36. Nf1 e5 37. a4 Rg6 38. a5 Ra6 39. Kh2 Ne6
40. Ne3 Nd4 41. Nc4 f6 42. Rb1 Rc6 43. Rb4 Kh7 44. Ra4 Ra6 45. Rb4 Nc6 46. Rb6
Nxa5 47. Rxa6 Nxc4 48. Kg3 Ne3 49. Kf3 Nf5 50. Ra1 Kg6 51. Ke4 Ng3+ 52. Kf3 Nh5
53. Ke4 Nf4 54. Ra3 h5 55. h4 Ne6 56. Rg3+ Kf7 57. Ra3 Nd4 58. Ra7+ Kg6 59. Ra2
Kh6 60. Ra6 Ne2 61. Ra3 Nf4 62. Rb3 Kh7 63. Kf5 Ng6 64. Rb4 Ne7+ 65. Ke6 Ng8
66. Rb1 Nh6 67. Ra1 Ng4 68. Kf5 Kh6 69. Ra8 Ne3+ 70. Ke6 Ng2 71. Kf7 Nxh4 72.
Rh8+ Kg5 73. Kxg7 f5 74. Rg8 e4 75. Kf7+ Kf4 76. Kf6 e3 77. Re8 Nf3 78. Ra8 e2
79. Ra1 Kg3 80. Ra4 0-1

[Event "Bahia Feliz International"]
[Site "?"]
[Date "2011.05.21"]
[Round "9"]
[White "Vallejo Pons, Francisco"]
[Black "Granda, Julio"]
[Result "0-1"]
[WhiteElo "2722"]
[BlackElo "2614"]
[PlyCount "61"]
[EventDate "2011.??.??"]
[SourceDate "2011.05.22"]

1. e4 e5 2. Nc3 Nc6 3. Nf3 Nf6 4. Bb5 Bb4 5. O-O O-O 6. d3 d6 7. Bg5 Ne7 8.
Bxf6 gxf6 9. Ne2 f5 10. c3 Ba5 11. Bc4 Ng6 12. Ng3 fxe4 13. dxe4 Bb6 14. Nf5
Qf6 15. Ne3 c6 16. Kh1 Kh8 17. a4 a5 18. b4 Rg8 19. b5 Rg7 20. Rb1 Bc5 21. Rb2
Nf4 22. bxc6 bxc6 23. Re1 Bd7 24. Rb7 Nxg2 25. Nxg2 Bh3 26. Bf1 Rag8 27. Ngh4
Qxh4 28. Rxf7 Rg2 29. Rf8 Qxf2 30. Rxg8+ Kxg8 31. Re3 0-1